[Event "CZE-tht Extraliga 2018-19"]
[Site "Czech Republic"]
[Date "2019.02.09"]
[Round "7.2"]
[White "Najer, Evgeniy"]
[Black "Ponizil, Cyril"]
[Result "1-0"]
[WhiteElo "2666"]
[BlackElo "2503"]
[Annotator "TA"]
[PlyCount "102"]
[EventDate "2018.11.03"]
[EventType "team-tourn"]
[EventCountry "CZE"]
[SourceTitle "playchess.com"]
[Source "ChessBase"]
[SourceQuality "1"]
[WhiteTeam "Lysa nad Labem"]
[BlackTeam "Duras"]

{[%evp 16,102,36,18,56,52,48,48,57,44,56,41,87,80,106,85,99,89,179,183,178,125,117,122,121,121,136,116,120,81,163,156,173,159,195,124,144,104,108,117,102,54,69,66,52,27,34,19,22,16,20,12,17,7,0,0,0,0,68,77,43,46,426,425,517,514,527,528,497,456,453,449,460,439,470,414,564,556,534,606,660,607,608,540,631,628,1092,1016,747]} 1. e4 c5 2. Nf3 e6 3. d4 cxd4 4. Nxd4 a6 5. Nc3 b5 6. Bd3 Qb6 7. Nb3 Qc7 8. O-O Bb7 9. Qe2 Nf6 {B43: Sicilian: Kan Variation: 5 Nc3} 10. e5 (10. f4 d6 11. Kh1 Nbd7 12. Bd2 Nc5 13. Nxc5 dxc5 14. e5 Nd5 15. Nxd5 Bxd5 16. c4 bxc4 17. Bxc4 {1-0 (31) Movsesian,S (2702)-Pantsulaia,L (2595) Plovdiv 2012}) 10... Nd5 11. Nxd5 Bxd5 {White is slightly better.} 12. a4 b4 13. Re1 $146 ({Predecessor:} 13. f4 Nc6 14. Be3 a5 15. Nd2 Rc8 16. Ne4 Nd8 {½-½ (16) Samsonkin,A (2407)-Ghaem Maghami,E (2549) Las Vegas 2017}) 13... h6 14. Bf4 $36 {[%mdl 2048] White is on the roll.} Be7 15. Rad1 Bc6 16. Nd4 Bb7 (16... Kf8 $16 {was called for.}) 17. Nf5 $1 $18 g5 {aiming for ...Qc6.} (17... exf5 $2 18. e6 $18) 18. Bg3 (18. Nd6+ $1 $18 Bxd6 19. exd6) 18... Qc6 $16 {[%csl Gb7][%cal Rc6g2]} ({Don't blunder} 18... exf5 $2 19. e6 $18) 19. Ne3 Bc5 20. f3 Qb6 21. Bf2 Nc6 22. Be4 Na5 (22... Nxe5 $16 23. a5 Qa7) 23. Bxb7 $18 Nxb7 24. Rd3 Qc7 25. Qd2 ({Better is} 25. Ng4 $18) 25... O-O-O 26. b3 d5 27. exd6 $1 Rxd6 28. Rxd6 Qxd6 29. Qe2 $1 Rd8 30. Rd1 (30. h4 {seems wilder.} Kc7 31. Kh1 Qf4 32. g3 Qd6 33. Kg2) 30... Qb6 31. Rxd8+ Kxd8 32. Kf1 Nd6 33. h4 Qc6 34. h5 Ke7 35. Qd3 a5 36. c4 bxc3 (36... Qc7 $11) 37. Qxc3 $14 Qa6+ 38. Kg1 Bb4 $2 {[%mdl 8192] [#]} ({Black should play} 38... Bb6 $14) 39. Qc7+ $1 $18 Kf8 {[#]} 40. Nc2 $1 {[%cal Rc2b4]} Ne8 41. Nxb4 Nxc7 42. Nxa6 Nxa6 {[%mdl 4096] Endgame KB-KN} 43. Bb6 Ke8 44. Kf1 Kd7 45. Ke2 f6 46. Kd2 {White is clearly winning.} e5 47. Bxa5 Nc5 48. Kc3 Ne6 49. Bb4 Nf4 50. g4 Ne2+ 51. Kd3 Nd4 {Accuracy: White = 77%, Black = 44%.} 1-0

[Event "CZE-tht Extraliga 2018-19"]
[Site "Czech Republic"]
[Date "2019.02.09"]
[Round "7.2"]
[White "Michalik, Peter"]
[Black "Azarov, Sergei"]
[Result "1/2-1/2"]
[WhiteElo "2567"]
[BlackElo "2578"]
[Annotator "TA"]
[PlyCount "35"]
[EventDate "2018.11.03"]
[EventType "team-tourn"]
[EventCountry "CZE"]
[SourceTitle "playchess.com"]
[Source "ChessBase"]
[SourceQuality "1"]
[WhiteTeam "Siesta"]
[BlackTeam "Beskydska"]

{[%evp 18,29,0,0,0,0,0,0,0,0,0,0,0,9]} 1. e4 e5 2. Nf3 Nc6 3. Bb5 a6 4. Ba4 Nf6 5. O-O Be7 6. d3 b5 7. Bb3 O-O 8. Nc3 d6 9. a3 Bg4 10. Be3 {The position is equal.} Nd4 {C84: Closed Ruy Lopez: Unusual White 6th moves} 11. Bxd4 exd4 12. Nd5 Nd7 13. h3 Bxf3 $1 14. Qxf3 c6 15. Nxe7+ {[#]} {Predecessor:} Qxe7 $146 16. Qg3 a5 17. f4 Rab8 18. Qf2 {½-½ (46) Naiditsch,A (2721)-Postny,E (2612) Porto Carras 2018} 1/2-1/2

[Event "CZE-tht Extraliga 2018-19"]
[Site "Czech Republic"]
[Date "2019.02.09"]
[Round "7.2"]
[White "Velicka, Petr"]
[Black "Hracek, Zbynek"]
[Result "0-1"]
[WhiteElo "2434"]
[BlackElo "2568"]
[Annotator "ChessBase"]
[PlyCount "102"]
[EventDate "2018.11.03"]
[EventType "team-tourn"]
[EventCountry "CZE"]
[SourceTitle "playchess.com"]
[Source "ChessBase"]
[SourceQuality "1"]
[WhiteTeam "Ostrava"]
[BlackTeam "Pardubice"]
[TimeControl "40/5400+30:1800+30"]

1. e4 {[%emt 0:00:00]} e5 {[%emt 0:00:00]} 2. Nf3 {[%emt 0:00:00]} Nc6 {[%emt 0:00:00]} 3. Bc4 {[%emt 0:00:02]} Bc5 {[%emt 0:00:00]} 4. O-O {[%emt 0:00:32]} Nf6 {[%emt 0:00:12]} 5. d3 {[%emt 0:00:06]} d6 {[%emt 0:00:57]} 6. c3 {[%emt 0:00:51]} a6 {[%emt 0:01:41]} 7. Bb3 {[%emt 0:00:10]} Ba7 {[%emt 0:00:46]} 8. h3 {[%emt 0:00:31]} h6 {[%emt 0:00:22]} 9. Re1 {[%emt 0:03:27]} g5 {[%emt 0:05:06]} 10. Nh2 {[%emt 0:10:02]} Rg8 {[%emt 0:06:15]} 11. Ng4 {[%emt 0:03:01]} Bxg4 {[%emt 0:02:56]} 12. hxg4 {[%emt 0:00:11]} Qd7 {[%emt 0:00:06]} 13. Qf3 {[%emt 0:16:13]} Nxg4 {[%emt 0:00:42]} 14. Re2 {[%emt 0:00:40]} Rf8 {[%emt 0:16:19]} 15. Nd2 {[%emt 0:07:23]} O-O-O {[%emt 0:21:32]} 16. Nf1 {[%emt 0:03:05]} f5 {[%emt 0:04:09]} 17. exf5 {[%emt 0:01:29]} Nxf2 {[%emt 0:01:07]} 18. Be6 {[%emt 0:15:53]} Qxe6 {[%emt 0:00:09]} 19. fxe6 {[%emt 0:00:11]} Rxf3 {[%emt 0:00:07]} 20. gxf3 {[%emt 0:00:31]} Nxd3+ {[%emt 0:00:07]} 21. Be3 {[%emt 0:00:30]} Re8 {[%emt 0:02:10]} 22. Bxa7 {[%emt 0:01:57]} Nxa7 {[%emt 0:00:02]} 23. Rh2 {[%emt 0:00:58]} Rxe6 {[%emt 0:00:05]} 24. Ne3 {[%emt 0:00:31]} Nf4 {[%emt 0:09:12]} 25. Kh1 {[%emt 0:10:09]} Nc6 {[%emt 0:10:29]} 26. Nf5 {[%emt 0:00:46]} h5 {[%emt 0:00:30]} 27. Ng7 {[%emt 0:00:10]} Rh6 {[%emt 0:01:34]} 28. Rg1 {[%emt 0:00:48]} Ne7 {[%emt 0:00:50]} 29. Rxg5 {[%emt 0:00:42]} h4 {[%emt 0:00:12]} 30. Nf5 {[%emt 0:01:42]} Nxf5 {[%emt 0:00:07]} 31. Rxf5 {[%emt 0:00:38]} b5 {[%emt 0:01:16]} 32. Rg5 {[%emt 0:01:54]} Kb7 {[%emt 0:00:33]} 33. Rd2 {[%emt 0:00:49]} a5 {[%emt 0:02:30]} 34. a3 {[%emt 0:03:27]} a4 {[%emt 0:03:06]} 35. Kh2 {[%emt 0:01:06]} Rf6 {[%emt 0:01:48]} 36. Rg4 {[%emt 0:00:37]} h3 {[%emt 0:00:17]} 37. Rg7 {[%emt 0:02:47]} Kb6 {[%emt 0:01:43]} 38. Rc2 {[%emt 0:02:55]} d5 {[%emt 0:02:42]} 39. Rg5 {[%emt 0:01:02]} Nd3 {[%emt 0:01:53]} 40. Rg3 {[%emt 0:03:24]} Ne1 {[%emt 0:02:05]} 41. Rf2 {[%emt 0:31:36]} e4 {[%emt 0:30:30]} 42. f4 {[%emt 0:05:42]} Nd3 {[%emt 0:00:07]} 43. Rxd3 {[%emt 0:00:07]} exd3 {[%emt 0:00:02]} 44. Kxh3 {[%emt 0:00:12]} d2 {[%emt 0:02:47]} 45. Rxd2 {[%emt 0:00:18]} Rxf4 {[%emt 0:00:02]} 46. Kg3 {[%emt 0:02:52]} Rf5 {[%emt 0:00:02]} 47. Kg2 {[%emt 0:00:00]} Kc5 {[%emt 0:00:00]} 48. Rd4 {[%emt 0:00:00]} Re5 {[%emt 0:00:00]} 49. b4+ {[%emt 0:00:00]} axb3 {[%emt 0:00:00]} 50. Rb4 {[%emt 0:00:00]} Re4 {[%emt 0:00:00]} 51. Rxb3 {[%emt 0:00:00]} Ra4 {[%emt 0:00:00]} 0-1

[Event "CZE-tht Extraliga 2018-19"]
[Site "Czech Republic"]
[Date "2019.02.09"]
[Round "7.2"]
[White "Vavra, Pavel"]
[Black "Stohl, Igor"]
[Result "1-0"]
[WhiteElo "2348"]
[BlackElo "2488"]
[Annotator "ChessBase"]
[PlyCount "119"]
[EventDate "2018.11.03"]
[EventType "team-tourn"]
[EventCountry "CZE"]
[SourceTitle "playchess.com"]
[Source "ChessBase"]
[SourceQuality "1"]
[WhiteTeam "Siesta B"]
[BlackTeam "Brno"]
[TimeControl "40/5400+30:1800+30"]

1. d4 {[%emt 0:00:00]} Nf6 {[%emt 0:00:07]} 2. Bg5 {[%emt 0:00:00]} Ne4 {[%emt 0:00:33]} 3. Bf4 {[%emt 0:00:00]} d5 {[%emt 0:00:14]} 4. e3 {[%emt 0:00:14]} c5 {[%emt 0:00:28]} 5. Bd3 {[%emt 0:00:20]} Nf6 {[%emt 0:00:35]} 6. c3 {[%emt 0:07:33]} Nc6 {[%emt 0:00:55]} 7. Nd2 {[%emt 0:01:26]} Bg4 {[%emt 0:01:04]} 8. Ngf3 {[%emt 0:20:16]} e6 {[%emt 0:00:52]} 9. h3 {[%emt 0:11:44]} Bh5 {[%emt 0:01:20]} 10. Bb5 {[%emt 0:00:06]} Nd7 {[%emt 0:04:32]} 11. Qa4 {[%emt 0:09:38]} Qc8 {[%emt 0:24:22]} 12. g4 {[%emt 0:15:11]} Bg6 {[%emt 0:01:18]} 13. Nh4 {[%emt 0:00:27]} a6 {[%emt 0:08:57]} 14. Bf1 {[%emt 0:03:38]} Be7 {[%emt 0:16:56]} 15. Nxg6 {[%emt 0:00:24]} hxg6 {[%emt 0:00:02]} 16. Bg2 {[%emt 0:01:18]} b5 {[%emt 0:04:36]} 17. Qd1 {[%emt 0:00:05]} cxd4 {[%emt 0:01:00]} 18. exd4 {[%emt 0:01:12]} Qd8 {[%emt 0:04:39]} 19. O-O {[%emt 0:04:13]} Nb6 {[%emt 0:03:31]} 20. Qe2 {[%emt 0:04:37]} O-O {[%emt 0:02:40]} 21. Bg3 {[%emt 0:03:46]} b4 {[%emt 0:03:55]} 22. Qd3 {[%emt 0:03:25]} Bd6 {[%emt 0:03:45]} 23. Bxd6 {[%emt 0:01:45]} Qxd6 {[%emt 0:00:02]} 24. f4 {[%emt 0:00:06]} bxc3 {[%emt 0:03:25]} 25. bxc3 {[%emt 0:00:05]} Ne7 {[%emt 0:00:51]} 26. a4 {[%emt 0:04:38]} Rfc8 {[%emt 0:02:47]} 27. Qe3 {[%emt 0:00:14]} Nc4 {[%emt 0:01:03]} 28. Nxc4 {[%emt 0:00:06]} Rxc4 {[%emt 0:00:05]} 29. Rfc1 {[%emt 0:00:54]} Rac8 {[%emt 0:03:13]} 30. Bf1 {[%emt 0:00:20]} R4c6 {[%emt 0:00:20]} 31. a5 {[%emt 0:01:30]} Rb8 {[%emt 0:01:53]} 32. Rab1 {[%emt 0:01:58]} Rxb1 33. Rxb1 Qc7 {[%emt 0:02:25]} 34. Qe5 {[%emt 0:00:05]} Rxc3 {[%emt 0:00:43]} 35. Qxc7 {[%emt 0:00:16]} Rxc7 {[%emt 0:00:01]} 36. Bxa6 {[%emt 0:00:12]} Ra7 {[%emt 0:01:23]} 37. Rb8+ {[%emt 0:02:30]} Kh7 {[%emt 0:00:02]} 38. Rb6 {[%emt 0:00:09]} Ra8 {[%emt 0:01:18]} 39. Kf2 {[%emt 0:00:21]} Nc8 {[%emt 0:00:21]} 40. Rc6 {[%emt 0:00:41]} Ne7 {[%emt 0:00:34]} 41. Rb6 {[%emt 0:33:05]} Ng8 {[%emt 0:02:45]} 42. g5 {[%emt 0:00:00]} Ne7 {[%emt 0:00:38]} 43. Ke2 {[%emt 0:00:00]} Nf5 {[%emt 0:10:00]} 44. Kd3 {[%emt 0:00:00]} Ng3 {[%emt 0:00:49]} 45. Kc3 {[%emt 0:00:00]} Nh5 {[%emt 0:00:15]} 46. Kb4 {[%emt 0:00:00]} Nxf4 {[%emt 0:00:18]} 47. Bf1 {[%emt 0:00:00]} e5 {[%emt 0:01:49]} 48. dxe5 {[%emt 0:00:00]} d4 {[%emt 0:00:40]} 49. Rd6 {[%emt 0:00:00]} Rb8+ {[%emt 0:01:33]} 50. Bb5 {[%emt 0:00:00]} Nd3+ {[%emt 0:06:44]} 51. Kc4 {[%emt 0:00:03]} Nxe5+ {[%emt 0:00:20]} 52. Kc5 {[%emt 0:00:02]} Nf3 {[%emt 0:02:29]} 53. Rd5 {[%emt 0:01:50]} f6 {[%emt 0:04:42]} 54. gxf6 {[%emt 0:00:13]} gxf6 {[%emt 0:00:07]} 55. a6 {[%emt 0:00:25]} Ng5 {[%emt 0:02:25]} 56. Rd7+ {[%emt 0:00:15]} Kh6 {[%emt 0:00:08]} 57. a7 {[%emt 0:00:18]} Ra8 {[%emt 0:00:19]} 58. Bc6 {[%emt 0:01:19]} Rxa7 {[%emt 0:00:13]} 59. Rxa7 {[%emt 0:00:05]} Nxh3 {[%emt 0:00:24]} 60. Kxd4 {[%emt 0:00:10]} 1-0

[Event "CZE-tht Extraliga 2018-19"]
[Site "Czech Republic"]
[Date "2019.02.09"]
[Round "7.3"]
[White "Stocek, Jiri"]
[Black "Rasik, Vitezslav"]
[Result "1-0"]
[WhiteElo "2588"]
[BlackElo "2456"]
[Annotator "TA"]
[PlyCount "65"]
[EventDate "2018.11.03"]
[EventType "team-tourn"]
[EventCountry "CZE"]
[SourceTitle "playchess.com"]
[Source "ChessBase"]
[SourceQuality "1"]
[WhiteTeam "Pardubice"]
[BlackTeam "Ostrava"]

{[%evp 16,65,26,21,23,32,42,35,29,25,47,0,5,0,0,0,18,0,12,0,29,39,21,14,27,0,5,0,294,303,299,224,571,667,660,642,1065,1051,969,690,840,658,882,1031,6235,6227,6195,6195,2206,2059,29998,29999]} 1. d4 d6 2. Nf3 g6 3. c4 Bg7 4. Nc3 Nf6 5. e4 O-O 6. Be2 e5 7. d5 a5 8. Bg5 h6 9. Be3 Ng4 {E92: King's Indian: Classical: 6 Be2 e5: 7 dxe5, 7 Be3 and Petrosian System without 7...Nbd7} 10. Bd2 f5 11. h3 Nf6 {White is slightly better.} 12. exf5 gxf5 13. Qc1 (13. g3 Na6 14. Qc1 Kh7 15. Nh4 Nc5 16. Be3 Nfe4 17. Nxe4 Nxe4 {½-½ (42) Korobov,A (2678)-Kovalev,V (2650) Poikovsky 2018}) 13... f4 14. g3 e4 $1 {[%cal Re4f3]} 15. Nh4 e3 $1 {[%cal Re3d2]} 16. fxe3 fxg3 {aiming for ...Ne4!} 17. Ng6 $36 {[%mdl 2048] Black is under pressure.} Rf7 $146 18. Qc2 Na6 19. O-O-O Nc5 $1 {Hoping for ...Nfe4!} 20. Nf4 Qe7 {And now ...Nfe4 would win.} 21. Bf3 ({Reject} 21. Qg6 Nfe4 $17) 21... Nfd7 $2 {[%mdl 8192]} (21... Qe5 $11 22. Rdg1 (22. Qg6 $2 Bf5 $19) 22... a4) 22. Bh5 $18 Rf6 23. Rhg1 Nb6 $2 (23... Ne5 24. Rxg3 Rf5) 24. Rxg3 Bf5 {[#]} 25. e4 $1 {[%cal Re4f5][%mdl 512]} Bxe4 (25... Nxe4 26. Nxe4) 26. Nxe4 Qxe4 27. Ne6 Qxc2+ 28. Kxc2 Nxe6 29. dxe6 Rf5 30. Rdg1 Rxh5 31. Rxg7+ {[%mdl 64] [#] Double Attack} Kh8 32. Bc3 {Threatening mate with Rg8+.} Na4 33. Rg8+ {[%mdl 64] Double Attack. Accuracy: White = 65%, Black = 38%.} 1-0

[Event "CZE-tht Extraliga 2018-19"]
[Site "Czech Republic"]
[Date "2019.02.09"]
[Round "7.3"]
[White "Antoniewski, Rafal"]
[Black "Cernousek, Lukas"]
[Result "1/2-1/2"]
[WhiteElo "2513"]
[BlackElo "2425"]
[Annotator "TA"]
[PlyCount "38"]
[EventDate "2018.11.03"]
[EventType "team-tourn"]
[EventCountry "CZE"]
[SourceTitle "playchess.com"]
[Source "ChessBase"]
[SourceQuality "1"]
[WhiteTeam "Beskydska"]
[BlackTeam "Siesta"]

{[%evp 26,38,31,11,15,0,0,0,0,0,17,0,0,-8,0]} 1. d4 d5 2. c4 e6 3. Nc3 Nf6 4. Nf3 c5 5. cxd5 Nxd5 6. e4 Nxc3 7. bxc3 cxd4 8. cxd4 Bb4+ 9. Bd2 Bxd2+ 10. Qxd2 O-O 11. Bc4 Nd7 12. O-O b6 13. Rfe1 Bb7 14. Rad1 Rc8 {The position is equal. D41: Queen's Gambit Declined: Semi-Tarrasch with 5 cxd5} 15. Bb3 Re8 16. h3 h6 17. Re3 Qf6 {[#]} 18. Nh2 $146 ({Predecessor:} 18. Qe2 Qf4 19. g3 Qc7 20. d5 exd5 21. exd5 Rxe3 22. Qxe3 {1-0 (37) Mamedyarov,S (2820)-Adams,M (2712) Batumi 2018}) 18... Qf4 19. Qe1 Nf6 1/2-1/2

[Event "CZE-tht Extraliga 2018-19"]
[Site "Czech Republic"]
[Date "2019.02.09"]
[Round "7.3"]
[White "Polak, Tomas"]
[Black "Jurcik, Martin"]
[Result "1/2-1/2"]
[WhiteElo "2510"]
[BlackElo "2346"]
[Annotator "ChessBase"]
[PlyCount "81"]
[EventDate "2018.11.03"]
[EventType "team-tourn"]
[EventCountry "CZE"]
[SourceTitle "playchess.com"]
[Source "ChessBase"]
[SourceQuality "1"]
[WhiteTeam "Brno"]
[BlackTeam "Siesta B"]
[TimeControl "40/5400+30:1800+30"]

1. d4 {[%emt 0:00:00]} d5 {[%emt 0:03:17]} 2. c4 {[%emt 0:00:07]} e6 {[%emt 0:03:37]} 3. Nc3 {[%emt 0:00:57]} dxc4 {[%emt 0:01:00]} 4. e4 {[%emt 0:04:11]} c5 {[%emt 0:00:47]} 5. d5 {[%emt 0:01:12]} Nf6 {[%emt 0:03:38]} 6. Bxc4 {[%emt 0:00:47]} exd5 {[%emt 0:04:21]} 7. Nxd5 {[%emt 0:00:45]} Nxd5 {[%emt 0:34:28]} 8. Bxd5 {[%emt 0:01:08]} Be7 {[%emt 0:00:14]} 9. Qb3 {[%emt 0:13:59]} O-O {[%emt 0:00:22]} 10. Nf3 {[%emt 0:00:11]} Nd7 {[%emt 0:00:47]} 11. O-O {[%emt 0:06:44]} Nb6 {[%emt 0:04:41]} 12. Rd1 {[%emt 0:12:54]} Nxd5 {[%emt 0:09:50]} 13. exd5 {[%emt 0:01:12]} Bd6 {[%emt 0:00:13]} 14. Bg5 {[%emt 0:04:06]} Qc7 {[%emt 0:04:32]} 15. h3 {[%emt 0:04:03]} h6 {[%emt 0:05:47]} 16. Be3 {[%emt 0:01:09]} b6 {[%emt 0:00:01]} 17. Rac1 {[%emt 0:01:32]} Qd7 {[%emt 0:01:09]} 18. Nd2 {[%emt 0:12:19]} Re8 {[%emt 0:02:38]} 19. a4 {[%emt 0:03:44]} Ba6 {[%emt 0:00:50]} 20. Nc4 {[%emt 0:04:06]} Re4 {[%emt 0:02:22]} 21. a5 {[%emt 0:01:53]} Rb8 {[%emt 0:01:50]} 22. axb6 {[%emt 0:04:10]} axb6 {[%emt 0:00:28]} 23. Qa2 {[%emt 0:01:59]} Bb5 {[%emt 0:02:28]} 24. b3 {[%emt 0:01:45]} Qc7 {[%emt 0:04:10]} 25. Qc2 {[%emt 0:04:05]} Rbe8 {[%emt 0:00:20]} 26. Ra1 {[%emt 0:00:56]} Qd8 {[%emt 0:04:27]} 27. Ra8 {[%emt 0:04:34]} Rxc4 {[%emt 0:01:43]} 28. Qxc4 {[%emt 0:03:02]} Bxc4 {[%emt 0:01:30]} 29. Rxd8 {[%emt 0:00:05]} Rxd8 {[%emt 0:00:03]} 30. bxc4 {[%emt 0:00:04]} Ra8 {[%emt 0:00:06]} 31. Kf1 {[%emt 0:02:39]} Ra4 {[%emt 0:00:02]} 32. Rc1 {[%emt 0:00:22]} Kf8 {[%emt 0:01:13]} 33. Ke2 {[%emt 0:00:34]} Ke7 {[%emt 0:00:29]} 34. Kd3 {[%emt 0:00:34]} Kd7 {[%emt 0:00:24]} 35. g4 {[%emt 0:01:00]} Kc7 {[%emt 0:01:07]} 36. Rb1 {[%emt 0:03:49]} Ra3+ {[%emt 0:00:58]} 37. Kc2 {[%emt 0:00:14]} Ra4 {[%emt 0:01:38]} 38. Kc3 {[%emt 0:00:30]} Ra3+ {[%emt 0:00:30]} 39. Kc2 {[%emt 0:00:43]} Ra4 {[%emt 0:00:27]} 40. Kc3 {[%emt 0:01:00]} Ra3+ {[%emt 0:00:40]} 41. Kc2 {[%emt 0:03:19]} 1/2-1/2

[Event "CZE-tht Extraliga 2018-19"]
[Site "Czech Republic"]
[Date "2019.02.09"]
[Round "7.3"]
[White "Blahynka, Martin"]
[Black "Landa, Konstantin"]
[Result "0-1"]
[WhiteElo "2426"]
[BlackElo "2616"]
[Annotator "ChessBase"]
[PlyCount "84"]
[EventDate "2018.11.03"]
[EventType "team-tourn"]
[EventCountry "CZE"]
[SourceTitle "playchess.com"]
[Source "ChessBase"]
[SourceQuality "1"]
[WhiteTeam "Duras"]
[BlackTeam "Lysa nad Labem"]
[TimeControl "40/5400+30:1800+30"]

1. e4 c6 {[%emt 0:01:02]} 2. d4 {[%emt 0:00:00]} d5 {[%emt 0:00:05]} 3. Nc3 dxe4 {[%emt 0:00:30]} 4. Nxe4 {[%emt 0:00:00]} Bf5 {[%emt 0:01:29]} 5. Ng3 {[%emt 0:00:01]} Bg6 {[%emt 0:00:04]} 6. Nh3 {[%emt 0:00:18]} Nd7 {[%emt 0:05:15]} 7. Nf4 {[%emt 0:00:42]} Qc7 {[%emt 0:01:01]} 8. Bc4 {[%emt 0:07:47]} e6 {[%emt 0:02:41]} 9. O-O {[%emt 0:02:27]} Ngf6 {[%emt 0:02:40]} 10. Bxe6 {[%emt 0:17:38]} fxe6 {[%emt 0:00:48]} 11. Nxe6 {[%emt 0:00:06]} Qd6 {[%emt 0:01:41]} 12. Re1 {[%emt 0:14:25]} Kf7 {[%emt 0:01:49]} 13. Bf4 {[%emt 0:05:18]} Qb4 {[%emt 0:06:01]} 14. Nc7 {[%emt 0:02:05]} Rc8 {[%emt 0:05:17]} 15. Qe2 {[%emt 0:19:17]} Kg8 {[%emt 0:01:39]} 16. c3 {[%emt 0:06:41]} Qb6 {[%emt 0:00:47]} 17. Ne6 {[%emt 0:00:24]} Re8 {[%emt 0:14:43]} 18. Bc7 {[%emt 0:01:29]} Qa6 {[%emt 0:00:11]} 19. Qxa6 {[%emt 0:00:15]} bxa6 {[%emt 0:00:33]} 20. f4 {[%emt 0:07:58]} Nd5 {[%emt 0:16:31]} 21. f5 {[%emt 0:01:10]} Bf7 {[%emt 0:02:12]} 22. Nxf8 {[%emt 0:00:23]} Rxf8 {[%emt 0:01:03]} 23. Bd6 {[%emt 0:00:14]} Rd8 {[%emt 0:00:16]} 24. Ne4 {[%emt 0:00:48]} h6 {[%emt 0:02:34]} 25. Kf2 {[%emt 0:09:24]} Kh7 {[%emt 0:02:14]} 26. g4 {[%emt 0:01:02]} N7f6 {[%emt 0:02:46]} 27. Nxf6+ {[%emt 0:00:17]} Nxf6 {[%emt 0:00:42]} 28. Be7 {[%emt 0:00:11]} Rd7 {[%emt 0:00:31]} 29. h3 {[%emt 0:02:05]} Re8 {[%emt 0:04:36]} 30. Bxf6 {[%emt 0:00:06]} Rxe1 {[%emt 0:00:06]} 31. Rxe1 {[%emt 0:00:07]} gxf6 {[%emt 0:00:02]} 32. a3 {[%emt 0:00:30]} a5 {[%emt 0:00:39]} 33. Re2 {[%emt 0:02:20]} Kg7 {[%emt 0:01:22]} 34. Kf3 {[%emt 0:00:50]} Bd5+ {[%emt 0:01:57]} 35. Kf4 {[%emt 0:00:28]} Kf7 {[%emt 0:00:04]} 36. Kg3 {[%emt 0:00:32]} Re7 {[%emt 0:00:34]} 37. Rf2 {[%emt 0:00:29]} Re3+ {[%emt 0:00:16]} 38. Kh4 {[%emt 0:00:05]} a4 {[%emt 0:00:54]} 39. Rh2 {[%emt 0:00:04]} Bc4 {[%emt 0:01:21]} 40. Kh5 {[%emt 0:00:19]} Kg7 {[%emt 0:01:59]} 41. Kh4 {[%emt 0:03:05]} Bf7 {[%emt 0:05:01]} 42. Rg2 {[%emt 0:08:41]} Kf8 {[%emt 0:00:18]} 0-1

[Event "CZE-tht Extraliga 2018-19"]
[Site "Czech Republic"]
[Date "2019.02.09"]
[Round "7.3"]
[White "Mroziak, Maciej"]
[Black "Wang, Hao"]
[Result "0-1"]
[WhiteElo "2382"]
[BlackElo "2714"]
[Annotator "TA"]
[PlyCount "72"]
[EventDate "2018.11.03"]
[EventType "team-tourn"]
[EventCountry "CZE"]
[SourceTitle "playchess.com"]
[Source "ChessBase"]
[SourceQuality "1"]
[WhiteTeam "Cesky Tesin"]
[BlackTeam "Novoborsky"]

{[%evp 10,72,22,7,21,30,32,18,22,11,20,-15,-10,-17,-15,-21,-14,-9,6,-27,-31,-40,-34,-44,-10,-15,0,-58,-41,-51,-65,-44,-51,-99,-99,-91,-89,-90,-97,-88,-106,-167,-189,-184,-184,-229,-229,-212,-185,-305,-304,-297,-299,-477,-486,-458,-418,-510,-401,-590,-585,-563,-555,-580,-562]} 1. d4 Nf6 2. Nf3 g6 3. Nbd2 Bg7 4. e4 O-O 5. Bd3 d6 6. O-O Nbd7 {B07: Pirc Defence: Miscellaneous Systems} (6... Nc6 7. c3 e5 8. dxe5 Nxe5 9. Nxe5 dxe5 10. Nc4 Qe7 11. Qe2 Rd8 12. Rd1 Bg4 13. f3 Be6 14. Be3 Ne8 15. Na5 c6 16. b4 Nd6 17. Nc4 Nxc4 18. Bxc4 b6 {1-0 (40) Xiong,J (2651)-Vachier Lagrave,M (2780) chess.com INT 2018}) 7. Re1 e5 8. dxe5 dxe5 {The position is equal.} 9. b3 $146 ({Predecessor:} 9. Nc4 Re8 10. Bf1 Qe7 11. c3 b6 12. Nfd2 Bb7 13. f3 Rad8 14. Qc2 {½-½ (82) Rakhmanov,A (2602)-Bologan,V (2672) Khanty-Mansiysk 2013}) 9... Nc5 10. Ba3 Nxd3 11. cxd3 Re8 12. Nc4 Nd7 13. Rc1 b6 14. d4 exd4 15. Nxd4 Bb7 16. f3 Ne5 17. Nxe5 Rxe5 18. Nc2 ({White should play} 18. Nc6 $11 Bxc6 19. Rxc6) 18... Ra5 $15 19. Qxd8+ Rxd8 20. Red1 Rc8 21. Rd7 Bc6 22. Rd3 Bb5 23. Rd5 c6 $36 {[%mdl 2048] Black is on the roll.} 24. Rd7 c5 25. Rd5 (25. Rd6 $17) 25... Bc6 $1 $19 {[%cal Rc6d5]} 26. Rdd1 h5 27. b4 {[#]} Ra6 $1 28. bxc5 bxc5 29. Bxc5 {[#]} (29. Re1 {might work better.}) 29... Ba4 $1 30. Nb4 Bxd1 31. Rxd1 (31. Nxa6 $142 Be2 32. Re1 Bxa6 33. Bxa7) 31... Ra4 32. Bd6 Rd8 33. Nc6 {[#]} Rd4 $1 {[%mdl 512]} 34. Rxd4 (34. Nxd4 {was worth a try.} Rxd6 35. g3) 34... Bxd4+ {Black is clearly winning.} 35. Nxd4 {Black must now prevent e5.} Rxd6 36. Nb5 Ra6 {Accuracy: White = 52%, Black = 72%.} 0-1